000 004670000a22001810004500
003 LK-CoMWRAF
008 230817t ||||| |||| 00| 0 eng d
040 _aLK-CoMWRAF
_dLK-CoMWRAF
_eLK-CoMWRAF
041 _aeng
082 _a310
_bREP
245 _aReport on the study of unemployment among arts graduates
_b
260 _aColombo
_bSLFUW
_c1980
300 _ap.174
650 _aunemployment
650 _awomen & employment
650 _awomen-SL
942 _cBK
999 _c2573
_d2573